00512nam a2200133 a 450008200190000010000270001924501000004626000450014630000070019165000280019894200080022695201270023499900170036100a324.245408 KAL aKalidas, Rathod Bharat aIs Communal Fascism Justified? (with Special Focus on the Old City of Ahmedabad, Gujarat)thesis aHyderabad bHenry Martyn Institutec2007 a60 aCommunalism-India-Riots cRRB 00104070aHMIbHMId2017-03-31eHenry Martyh Instituteg100.00l0o324.245408 KALp11-2053r2008-01-02w2026-01-16yRRB c19089d19089